000
00334nam a22001577a 4500
003
SGT
020
_a
9788131734025
082
_a
509,FEL
100
_a
FELDAN,ROBERTS
245
_a
DISCOVERING THE LIFE SPAN
250
_a
1ST
260
_a
NOIDA
_b
PEARSON
_c
2018
300
_a
394
650
_a
PSYCHOLOGY
942
_2
ddc
_c
BK
_0
32
999
_c
19392
_d
19392